বাংলা কথাসাহিত্য : (Record no. 38954)
[ view plain ]
| 000 -LEADER | |
|---|---|
| fixed length control field | 00951nam a2200229 a 4500 |
| 001 - CONTROL NUMBER | |
| control field | 38954 |
| 003 - CONTROL NUMBER IDENTIFIER | |
| rucl marc code | BD-RjUL |
| 005 - DATE AND TIME OF LATEST TRANSACTION | |
| control field | 20211209052905.0 |
| 008 - FIXED-LENGTH DATA ELEMENTS--GENERAL INFORMATION | |
| fixed length control field | 160324s2007 bg |||er|||| 000 1 ben d |
| 020 ## - INTERNATIONAL STANDARD BOOK NUMBER | |
| International Standard Book Number | 9840745743: |
| Terms of availability | TK.100.00 |
| 035 ## - SYSTEM CONTROL NUMBER | |
| System control number | (BD-RjUL)39064 |
| 040 ## - CATALOGING SOURCE | |
| Original cataloging agency | BD-RjUL |
| Language of cataloging | ben |
| Transcribing agency | BD-RjUL |
| 041 ## - LANGUAGE CODE | |
| Language code of text/sound track or separate title | ben |
| 082 ## - DEWEY DECIMAL CLASSIFICATION NUMBER | |
| Edition number | 23 |
| Classification number | 891.4409 |
| Author mark and year | MAB 2007 |
| 100 ## - MAIN ENTRY--PERSONAL NAME | |
| Personal name | মান্নান, সরকার আবদুল |
| 9 (RLIN) | 120270 |
| 245 10 - TITLE STATEMENT | |
| Title | বাংলা কথাসাহিত্য : |
| Remainder of title | আধুনিকতার কুশীলব / |
| Statement of responsibility, etc. | সরকার আবদুল মান্নান |
| 260 ## - PUBLICATION, DISTRIBUTION, ETC. (IMPRINT) | |
| Place of publication, distribution, etc. | ঢাকা : |
| Name of publisher, distributor, etc. | বাংলা একাডেমী, |
| Date of publication, distribution, etc. | ২০০৭ |
| 300 ## - PHYSICAL DESCRIPTION | |
| Pagination | [১৩] ১৮৭ পৃ. ; |
| Size | ২১ সে.মি. |
| 650 ## - SUBJECT ADDED ENTRY--TOPICAL TERM | |
| Topical term or geographic name as entry element | বাংলা সাহিত্য |
| Form subdivision | ইতিহাস ও সমালোচনা |
| 9 (RLIN) | 116625 |
| Topical term or geographic name as entry element | Bengali Literature |
| 9 (RLIN) | 116655 |
| General subdivision | History and Criticism |
| 942 ## - ADDED ENTRY ELEMENTS (KOHA) | |
| Source of classification or shelving scheme | Dewey Decimal Classification |
| Koha item type | Books |
| Lost status | Source of classification or shelving scheme | Damaged status | Not for loan | Collection code | Permanent Location | Current Location | Shelving location | Date acquired | Source of acquisition | Cost, normal purchase price | Total Checkouts | Full call number | Date last seen | Copy number | Koha item type |
|---|---|---|---|---|---|---|---|---|---|---|---|---|---|---|---|
| Dewey Decimal Classification | Not For Loan | Non-fiction | Central Library, University of Rajshahi | Central Library, University of Rajshahi | Reading Room | 23/06/2013 | Bangla Academy, Dhaka. | 100.00 | B 891.4409 MAB 2007 | 24/03/2016 | C- 1 | Books | |||
| Dewey Decimal Classification | Non-fiction | Central Library, University of Rajshahi | Central Library, University of Rajshahi | 23/06/2013 | Bangla Academy, Dhaka. | 100.00 | B 891.4409 MAB 2007 | 04/04/2016 | C-2 | Books | |||||
| Dewey Decimal Classification | Non-fiction | Central Library, University of Rajshahi | Central Library, University of Rajshahi | 23/06/2013 | Bangla Academy, Dhaka. | 100.00 | B 891.4409 MAB 2007 | 25/04/2016 | C-3 | Books | |||||
| Dewey Decimal Classification | Non-fiction | Central Library, University of Rajshahi | Central Library, University of Rajshahi | 20/08/2009 | Bangla Academy, Dhaka | B 891.4409 MAB 2007 | 14/02/2017 | C-4 | Books |